[Event "France - Open A"]
[Site "Chartres"]
[Date "2019.08.25"]
[Round "9.35"]
[White "Kantzer, Romain"]
[Black "Delboe, Charles"]
[Result "1/2-1/2"]
[WhiteElo "2034"]
[BlackElo "1965"]
[PlyCount "40"]
[EventDate "2019.08.??"]
[EventType "swiss"]
[EventRounds "9"]
[EventCountry "FRA"]
[WhiteTeam "Bischwiller"]
[BlackTeam "C.E. Neuville-en-Ferrain"]

1. d4 Nf6 2. Bf4 c5 3. e3 Qb6 4. Na3 Qxb2 5. Nb5 Nd5 6. a3 a6 7. Rb1 Qa2 8. Ra1
Qb2 9. Rb1 Qa2 10. Qc1 axb5 11. Ra1 Qxa1 12. Qxa1 e5 13. Bxe5 c4 14. Bxb8 Bb4+
15. Ke2 Rxa3 16. Qb2 Ra2 17. Qc1 Ba3 18. Qd2 Bb4 19. Qc1 Ba3 20. Qd2 Bb4
1/2-1/2

[Event "France - Open A"]
[Site "Chartres"]
[Date "2019.08.25"]
[Round "9.36"]
[White "Emmenecker, Pierre-Antoine"]
[Black "Haberthur, Maxime"]
[Result "1-0"]
[WhiteElo "2021"]
[BlackElo "1985"]
[PlyCount "95"]
[EventDate "2019.08.??"]
[EventType "swiss"]
[EventRounds "9"]
[EventCountry "FRA"]
[WhiteTeam "Issy-Les-Moulineaux"]
[BlackTeam "Echiquier Clermontois Arverne - ECA"]

1. e4 c6 2. Nc3 d5 3. Nf3 dxe4 4. Nxe4 Nf6 5. Qe2 Nxe4 6. Qxe4 Nd7 7. Be2 Nf6
8. Qa4 Bf5 9. d4 e6 10. O-O Be7 11. Bf4 O-O 12. Qb3 Nd5 13. Bg3 Nb4 14. c4 Nc2
15. Rad1 Nb4 16. Rd2 a5 17. a3 a4 18. Qe3 Na6 19. Rfd1 Qb6 20. Ne5 Rfd8 21. c5
Qa7 22. Nc4 Rf8 23. Nb6 Rad8 24. Nxa4 Nb4 25. Nb6 Nd5 26. Nxd5 Rxd5 27. Qb3 Bg5
28. f4 Bf6 29. Bf2 h6 30. Bf3 Rd7 31. Be3 Rfd8 32. g4 Bh7 33. Qb4 Qb8 34. Qc3
Qa7 35. Bf2 Qa4 36. h4 g5 37. fxg5 hxg5 38. h5 Bg7 39. b3 Qa7 40. Qe3 Bf6 41.
Bg3 Qxa3 42. Be5 Bxe5 43. Qxe5 Qxb3 44. Qxg5+ Kf8 45. Kg2 Bc2 46. h6 Bxd1 47.
h7 Qxf3+ 48. Kh2 1-0

[Event "France - Open A"]
[Site "Chartres"]
[Date "2019.08.25"]
[Round "9.37"]
[White "Afraoui, Solenn"]
[Black "Bellaiche, Elise"]
[Result "1/2-1/2"]
[WhiteElo "1974"]
[BlackElo "1996"]
[PlyCount "50"]
[EventDate "2019.08.??"]
[EventType "swiss"]
[EventRounds "9"]
[EventCountry "FRA"]
[WhiteTeam "U.S.Villejuif Echecs"]
[BlackTeam "Cercle d'Echecs de Villepinte"]

1. e4 e6 2. d4 d5 3. exd5 exd5 4. Bd3 Bd6 5. Ne2 Ne7 6. Bf4 Bf5 7. O-O O-O 8.
c3 c6 9. Bxf5 Nxf5 10. Bxd6 Nxd6 11. Nd2 Nd7 12. Qb3 Qb6 13. Qxb6 Nxb6 14. Rfe1
Nbc4 15. Nxc4 Nxc4 16. b3 Nd6 17. Nf4 Rfe8 18. Kf1 Kf8 19. Rxe8+ Rxe8 20. Re1
Rxe1+ 21. Kxe1 Nf5 22. Nd3 Nd6 23. Nf4 Nf5 24. Nd3 Nd6 25. Nf4 Nf5 1/2-1/2

[Event "France - Open A"]
[Site "Chartres"]
[Date "2019.08.25"]
[Round "9.38"]
[White "Dubuisson, Samuel"]
[Black "Leccia, Antoine"]
[Result "1-0"]
[WhiteElo "1996"]
[BlackElo "1969"]
[PlyCount "57"]
[EventDate "2019.08.??"]
[EventType "swiss"]
[EventRounds "9"]
[EventCountry "FRA"]
[WhiteTeam "Amicale Laique de Molinghem"]
[BlackTeam "Corsica Chess Club"]

1. d4 e6 2. Bf4 Nf6 3. e3 d5 4. c3 c5 5. Nd2 Bd6 6. Bg3 O-O 7. Bd3 Qc7 8. Ngf3
Nbd7 9. e4 e5 10. O-O exd4 11. cxd4 Bxg3 12. hxg3 dxe4 13. Nxe4 Nxe4 14. Bxe4
Nf6 15. Qc2 Nxe4 16. Qxe4 cxd4 17. Ng5 g6 18. Qxd4 f6 19. Rac1 Qb6 20. Qd5+ Kg7
21. Rfe1 fxg5 22. Re7+ Kh6 23. Rcc7 Qxf2+ 24. Kh2 Rh8 25. Qg8 Bd7 26. Qg7+ Kh5
27. g4+ Kxg4 28. Rc4+ Kh5 29. Qxh7+ 1-0

[Event "France - Open A"]
[Site "Chartres"]
[Date "2019.08.25"]
[Round "9.39"]
[White "Poulet, Benoit"]
[Black "Gautier, Joel"]
[Result "1-0"]
[WhiteElo "2048"]
[BlackElo "1975"]
[PlyCount "63"]
[EventDate "2019.08.??"]
[EventType "swiss"]
[EventRounds "9"]
[EventCountry "FRA"]
[WhiteTeam "Echiquier des Lions - Lyon Oullins"]
[BlackTeam "Ass des joueurs d'Echecs du Barreau de Paris"]

1. d4 e6 2. Bf4 f5 3. g3 Nf6 4. Bg2 Be7 5. Nf3 O-O 6. O-O Nh5 7. Bd2 f4 8. e3
fxg3 9. hxg3 Qe8 10. e4 Nf6 11. Ne5 d6 12. Nd3 e5 13. dxe5 dxe5 14. f3 Nc6 15.
Be3 Qg6 16. Qe1 Be6 17. Nd2 b6 18. f4 Ng4 19. f5 Qh5 20. Rf3 Qh2+ 21. Kf1 Nd4
22. Bxd4 exd4 23. Nf4 Bd7 24. a4 Rae8 25. Qe2 Bc5 26. Qc4+ Kh8 27. Ke2 Ne5 28.
Qb3 Qh6 29. Rh1 Qc6 30. g4 Qxa4 31. Rxh7+ Kxh7 32. Rh3# 1-0

[Event "France - Open A"]
[Site "Chartres"]
[Date "2019.08.25"]
[Round "9.40"]
[White "Van Den Brande, Norman"]
[Black "Jaulin, Marc"]
[Result "0-1"]
[WhiteElo "1994"]
[BlackElo "2038"]
[PlyCount "60"]
[EventDate "2019.08.??"]
[EventType "swiss"]
[EventRounds "9"]
[EventCountry "FRA"]
[WhiteTeam "Maison des Echecs Toulouse Lardenne"]
[BlackTeam "Echiquier de Franconville"]

1. d4 Nf6 2. c4 c5 3. d5 e6 4. Nc3 exd5 5. cxd5 d6 6. e4 g6 7. Nf3 Bg7 8. Be2
O-O 9. O-O Bg4 10. Nd2 Bxe2 11. Qxe2 Re8 12. f3 a6 13. a4 Nbd7 14. Nc4 Nb6 15.
Be3 Nxc4 16. Qxc4 Nd7 17. a5 Rc8 18. Qb3 Rb8 19. Qc2 Ne5 20. Ne2 Qe7 21. Rab1
Rec8 22. Rfc1 Qd8 23. Bd2 b5 24. axb6 Qxb6 25. Kh1 c4 26. b3 Nd3 27. Rf1 Nf2+
28. Kg1 Nxe4+ 29. Kh1 Nf2+ 30. Kg1 cxb3 0-1

[Event "France - Open A"]
[Site "Chartres"]
[Date "2019.08.25"]
[Round "9.41"]
[White "Radoman, Emmanuel"]
[Black "Fournier, Dimitri"]
[Result "1-0"]
[WhiteElo "1956"]
[BlackElo "2034"]
[PlyCount "73"]
[EventDate "2019.08.??"]
[EventType "swiss"]
[EventRounds "9"]
[EventCountry "FRA"]
[WhiteTeam "Nice Alekhine"]
[BlackTeam "Club du Canal St-Martin Paris"]

1. e4 c6 2. Ne2 d5 3. e5 c5 4. d4 Nc6 5. c3 Bf5 6. dxc5 e6 7. b4 Nxe5 8. Nd4
Bxb1 9. Rxb1 a6 10. Qa4+ Nd7 11. f4 Ngf6 12. Bd3 g6 13. O-O Bg7 14. a3 O-O 15.
Bd2 e5 16. fxe5 Nxe5 17. Qc2 Nxd3 18. Qxd3 Ne4 19. Rf3 Qd7 20. Rbf1 Rad8 21.
Be3 f5 22. Ne2 Qa4 23. c4 d4 24. Bc1 a5 25. Nf4 Rfe8 26. Nd5 axb4 27. axb4 Nc3
28. Bg5 Rxd5 29. cxd5 Qxb4 30. d6 Qa4 31. Rxf5 Ne4 32. Rd5 Nc3 33. Qf3 Nxd5 34.
Qxd5+ Kh8 35. d7 Rf8 36. Rxf8+ Bxf8 37. Bf6+ 1-0

[Event "France - Open A"]
[Site "Chartres"]
[Date "2019.08.25"]
[Round "9.42"]
[White "Deveque, Guillaume"]
[Black "Azymah, Remy"]
[Result "1-0"]
[WhiteElo "2016"]
[BlackElo "1957"]
[PlyCount "57"]
[EventDate "2019.08.??"]
[EventType "swiss"]
[EventRounds "9"]
[EventCountry "FRA"]
[WhiteTeam "Lille Université Club Echiquier du Nord"]
[BlackTeam "Evry Grand Roque"]

1. e4 c5 2. Nc3 a6 3. g3 b5 4. Bg2 Bb7 5. f4 e6 6. Nh3 h5 7. Nf2 h4 8. g4 h3 9.
Bf3 Nc6 10. Ne2 d5 11. d3 dxe4 12. dxe4 Qh4 13. O-O Rd8 14. Qe1 g5 15. e5 f5
16. exf6 Nxf6 17. Ng3 Kd7 18. fxg5 Nd5 19. Nfe4 Nd4 20. Nf6+ Kc8 21. Bxd5 Rxd5
22. c3 Nc2 23. Qxe6+ Kb8 24. Bf4+ Ka8 25. Nxd5 Bg7 26. Qb6 Rc8 27. Rad1 Qxg4
28. Nc7+ Rxc7 29. Qxc7 1-0

[Event "France - Open A"]
[Site "Chartres"]
[Date "2019.08.25"]
[Round "9.43"]
[White "Gonzalez, Loic"]
[Black "Arnaud, Aurelien"]
[Result "1/2-1/2"]
[WhiteElo "1971"]
[BlackElo "2160"]
[PlyCount "54"]
[EventDate "2019.08.??"]
[EventType "swiss"]
[EventRounds "9"]
[EventCountry "FRA"]
[WhiteTeam "AGJA-Echiquier Aquitaine"]
[BlackTeam "L'Echiquier Châlonnais"]

1. e4 e5 2. Nc3 Nf6 3. Bc4 Nxe4 4. Qh5 Nd6 5. Qxe5+ Qe7 6. Qxe7+ Bxe7 7. Bb3
O-O 8. Nf3 b6 9. O-O Bb7 10. Nd5 Bd8 11. Re1 Nc6 12. d4 Na5 13. Ne7+ Kh8 14.
Bf4 Nxb3 15. axb3 Ne4 16. Nf5 g6 17. Ng3 Nxg3 18. hxg3 Bxf3 19. gxf3 d6 20. Ra6
Bf6 21. c3 Rfb8 22. Rea1 Rb7 23. Kf1 Kg7 24. Kg2 Kh8 25. Kf1 Kg7 26. Kg2 Kh8
27. Kf1 Kg7 1/2-1/2

[Event "France - Open A"]
[Site "Chartres"]
[Date "2019.08.25"]
[Round "9.44"]
[White "Afraoui, Anaelle"]
[Black "Herault, Theotime"]
[Result "1-0"]
[WhiteElo "2163"]
[BlackElo "1980"]
[PlyCount "89"]
[EventDate "2019.08.??"]
[EventType "swiss"]
[EventRounds "9"]
[EventCountry "FRA"]
[WhiteTeam "Clichy-Echecs-92"]
[BlackTeam "Echecs Club de Corbas"]

1. e4 Nf6 2. e5 Nd5 3. d4 d6 4. c4 Nb6 5. exd6 cxd6 6. Nc3 g6 7. Be3 Bg7 8. Rc1
O-O 9. b3 Bf5 10. Be2 d5 11. c5 Nc8 12. Bf3 Nc6 13. Bxd5 e5 14. Bxc6 bxc6 15.
dxe5 Qa5 16. Qf3 Bxe5 17. Nge2 Rd8 18. O-O Ne7 19. Rfe1 Rd3 20. Na4 Nd5 21. Ng3
Bxg3 22. hxg3 Re8 23. Nb2 Be4 24. Qe2 Nc3 25. Qg4 h5 26. Qh4 Rd5 27. Nc4 Qb4
28. Bd2 g5 29. Bxc3 Qxc3 30. Rxc3 gxh4 31. Nd6 Re6 32. Rxe4 Rdxd6 33. cxd6 Rxe4
34. Rd3 hxg3 35. Rxg3+ Kf8 36. Rc3 Re5 37. Rxc6 Ke8 38. Rc8+ Kd7 39. Rc7+ Kxd6
40. Rxa7 Re1+ 41. Kh2 Re2 42. f3 f5 43. a4 Rb2 44. Rb7 Ke5 45. a5 1-0

[Event "France - Open A"]
[Site "Chartres"]
[Date "2019.08.25"]
[Round "9.45"]
[White "Chartier, Antoine"]
[Black "Rasolo, Loick"]
[Result "1-0"]
[WhiteElo "2013"]
[BlackElo "1965"]
[PlyCount "63"]
[EventDate "2019.08.??"]
[EventType "swiss"]
[EventRounds "9"]
[EventCountry "FRA"]
[WhiteTeam "Le Petit-Roque de Sèvres-Ville d'Avray"]
[BlackTeam "Marseille Passion Echecs"]

1. d4 Nf6 2. Nf3 d5 3. Bf4 c5 4. e3 Nc6 5. c3 Qb6 6. Qc1 Bf5 7. Nbd2 e6 8. Nh4
Bg6 9. Nxg6 hxg6 10. Bd3 Be7 11. Qc2 cxd4 12. exd4 Rc8 13. Qb3 Qxb3 14. axb3
Nh5 15. Be3 Bd6 16. Nf3 Nf4 17. Bf1 Nh5 18. b4 Ra8 19. g3 Nf6 20. Bg2 O-O 21.
O-O b5 22. Ra6 Rfc8 23. Rfa1 Nd7 24. Bf1 Rab8 25. R1a5 Nxa5 26. Rxd6 Nc4 27.
Rxd7 Nxb2 28. Bf4 Rb6 29. Ne5 f6 30. Nxg6 Rxc3 31. h4 Rc8 32. Ne7+ 1-0

[Event "France - Open A"]
[Site "Chartres"]
[Date "2019.08.25"]
[Round "9.46"]
[White "Fruteau, Sabine"]
[Black "De Lussac, Estephe"]
[Result "0-1"]
[WhiteElo "1968"]
[BlackElo "1993"]
[PlyCount "90"]
[EventDate "2019.08.??"]
[EventType "swiss"]
[EventRounds "9"]
[EventCountry "FRA"]
[WhiteTeam "Orcher la Tour"]
[BlackTeam "Lille Université Club Echiquier du Nord"]

1. e4 c5 2. Nf3 d6 3. Bb5+ Nd7 4. c4 Ngf6 5. Nc3 g6 6. h3 Bg7 7. O-O O-O 8. Ba4
a6 9. d3 Rb8 10. Be3 h6 11. Qd2 Kh7 12. Nh2 e5 13. Rab1 b5 14. cxb5 Nb6 15. Bb3
axb5 16. Nxb5 Qe7 17. Rfc1 Ne8 18. f3 f5 19. exf5 gxf5 20. Nc3 Nf6 21. f4 exf4
22. Bxf4 Nh5 23. Re1 Qh4 24. Ne2 Bd4+ 25. Nxd4 Nxf4 26. Ndf3 Qg3 27. Re7+ Kg6
28. Kh1 Nfd5 29. Nf1 Qf4 30. Qxf4 Nxf4 31. d4 c4 32. Bc2 Nbd5 33. Ree1 Nb4 34.
Nh4+ Kf6 35. Ne3 Nxc2 36. Nxc2 Nd3 37. Rf1 Re8 38. Na3 d5 39. g4 f4 40. Ng2 Kg5
41. Nc2 Re2 42. Nce1 Rbxb2 43. Rxb2 Rxb2 44. Nxd3 cxd3 45. Rd1 d2 0-1

[Event "France - Open A"]
[Site "Chartres"]
[Date "2019.08.25"]
[Round "9.47"]
[White "Venard, Gautier"]
[Black "Bourges, Jerome"]
[Result "1/2-1/2"]
[WhiteElo "1968"]
[BlackElo "1962"]
[PlyCount "68"]
[EventDate "2019.08.??"]
[EventType "swiss"]
[EventRounds "9"]
[EventCountry "FRA"]
[WhiteTeam "Vandoeuvre-Echecs"]
[BlackTeam "USAM Echiquier Brestois"]

1. c4 b6 2. Nc3 Bb7 3. e4 e6 4. g3 f5 5. Bg2 Nf6 6. d3 fxe4 7. dxe4 Bc5 8. Nge2
O-O 9. O-O Nc6 10. h3 Ne5 11. b3 Qe8 12. Bb2 Nh5 13. g4 Nf4 14. Nxf4 Rxf4 15.
Nb5 Ng6 16. b4 Bxb4 17. Nxc7 Qe7 18. Nxa8 Bxa8 19. Bc1 Rf8 20. Be3 e5 21. Qa4
a5 22. Bxb6 Bc6 23. Qb3 h5 24. a3 Bc5 25. Bxc5 Qxc5 26. Rad1 hxg4 27. hxg4 Nf4
28. Rd2 Rf6 29. Kh2 Rh6+ 30. Kg1 Bxe4 31. Bxe4 Nh3+ 32. Kg2 Nf4+ 33. Kg1 Nh3+
34. Kg2 Nf4+ 1/2-1/2

[Event "France - Open A"]
[Site "Chartres"]
[Date "2019.08.25"]
[Round "9.48"]
[White "Gueriche, Guillaume"]
[Black "Fischer, Thorange"]
[Result "0-1"]
[WhiteElo "1950"]
[BlackElo "1979"]
[PlyCount "62"]
[EventDate "2019.08.??"]
[EventType "swiss"]
[EventRounds "9"]
[EventCountry "FRA"]
[WhiteTeam "Lyon Olympique Echecs"]
[BlackTeam "Clichy-Echecs-92"]

1. e4 e6 2. b3 b6 3. d4 d5 4. e5 c5 5. Bb2 Ne7 6. dxc5 bxc5 7. f4 Nf5 8. Nf3
Be7 9. Bd3 Ba6 10. Bxa6 Nxa6 11. O-O Ne3 12. Qd3 Nxf1 13. Qxa6 Ne3 14. Qe2 Nf5
15. g4 Nh4 16. Nxh4 Bxh4 17. g5 O-O 18. Nd2 h6 19. gxh6 gxh6 20. Qh5 Kh7 21.
Nf3 Be7 22. Kf2 f6 23. exf6 Bxf6 24. Ne5 Qe8 25. Qe2 Bxe5 26. Bxe5 Rg8 27. Qa6
Qf7 28. c4 Rg5 29. Qd6 Rag8 30. cxd5 exd5 31. Qxc5 Rxe5 0-1

[Event "France - Open A"]
[Site "Chartres"]
[Date "2019.08.25"]
[Round "9.49"]
[White "Perradin, Vincent"]
[Black "Prevot, Rodolphe"]
[Result "1-0"]
[WhiteElo "1982"]
[BlackElo "1933"]
[PlyCount "55"]
[EventDate "2019.08.??"]
[EventType "swiss"]
[EventRounds "9"]
[EventCountry "FRA"]
[WhiteTeam "Echecs Club de Villeurbanne"]
[BlackTeam "A.A.J. Blois"]

1. e4 c5 2. Nf3 g6 3. d4 cxd4 4. Nxd4 Bg7 5. Nc3 Nc6 6. Be3 Nf6 7. f3 O-O 8.
Nb3 a6 9. Qd2 b5 10. Bh6 b4 11. Nd5 Nxd5 12. Bxg7 Kxg7 13. exd5 Ne5 14. Qd4 f6
15. Qxb4 a5 16. Qd4 a4 17. Nd2 Qa5 18. Be2 Rb8 19. f4 Nf7 20. O-O Rb4 21. Qc3
Qb6+ 22. Kh1 Qb8 23. Bc4 Nd6 24. Rae1 Re8 25. b3 Nxc4 26. bxc4 Ba6 27. Re4 Kf7
28. Qh3 1-0